000 00710nam a22002177a 4500
001 002145094
003 DO-SdBNP
005 20180216092946.0
007 002145094
008 161205b 1989 cu a ||||| |||| 00| 0 spa d
040 _aBPMSU
_bspa
_cBPMSU
100 1 _aCardoso, Onelio Jorge
245 1 0 _aCaballito Blanco /
_cOnelio Jorge Cardoso ; ilustraciones Rita GutiƩrrez
260 _aLa Habana, Cuba :
_bGente Nueva,
_c1989.
300 _a 96 p. :
_bil. ;
_c17 cm.
500 _aIncluye datos de la autora en la solapa de la cubierta.
700 1 2 _aRodriguez Valera, Rita,
_eil.
942 _2ddc
_cBK
945 _aInventariado, 2018/MFF
956 _2LOPEREZ
_310
_620161205
_8BPMSU
_a00041
999 _c12278
_d12278